Famous numbers! - Statistics

General Stats
  • This quiz has been taken 19 times
    8 since last reset
  • The average score is 34 of 50
Answer Stats
Hint Answer % Correct
Number on the hat of Smitty WerbenJagerManJensen 1
100%
Lionel Messi's jersey number 10
100%
Number of blind mice 3
100%
Number of states in the United States 50
100%
Number of answers in this quiz 50
100%
Number of strings on a guitar 6
100%
Number of continents 7
100%
Number associated with Hannukah 8
100%
Number of months a woman is pregnant 9
100%
Years in a century 100
86%
Main character of Stranger Things 11
86%
sweet __ 16
86%
Associated with good eyesight (and COVID) 2020
86%
Number of hours in a day 24
86%
How many leaves on a lucky clover? 4
86%
Jackie Robinson's jersey number 42
86%
Minutes in an hour 60
86%
Arguably the most famous number as of 2025 67
86%
Associated with emergencies 911
86%
Number associated with a famous movie spy 007
71%
Associated with Dalmatians 101
71%
Tom Brady's jersey number 12
71%
This number is considered unlucky 13
71%
Associated with early death for celebrities 27
71%
Number of days in February on a leap year 29
71%
Freezing point of water (Fahrenheit) 32
71%
Number of days in a year 365
71%
"Raunchy" number 69
71%
World population as of 2025 8 billion
71%
This number is also a search engine Googol
71%
The year the Mayan Calendar was supposed to end 2012
57%
How is Taylor Swift is feeling. 22
57%
2 basketball players had this jersey number 23
57%
This number is funnier than 24 25
57%
Associated with an inebriating plant 420
57%
Fahrenheit ___ 451
57%
The Beatles song, "When I'm __" 64
57%
Number of keys on a full size piano 88
57%
Year the USA declared independence 1776
43%
Taylor Swift's birth year 1989
43%
Miles in a marathon 26.2
43%
Associated with Sparta 300
43%
Associated with the devil 666
43%
Associated with Obama 2008
29%
The most famous number in mathematics 3.14
29%
Number of minutes in a year 525600
29%
Associated with a gas station 711
29%
Dystopian number 1984
14%
Miles between Earth and Sun 93 million
14%
Phone number in a famous 80's song 8675309
0%
No matching quizzes found
Score Distribution
Percent of People with Each Score
Percentile by Number Answered
Your Score History
You have not taken this quiz since the last reset